| 000 | 00846nam a2200157Ia 4500 | ||
|---|---|---|---|
| 008 | 090124s9999 xx 000 0 und d | ||
| 082 | _b26460 | ||
| 245 | _a" डॉ. बाबासाहेब आंबेडकर यांचा दलित मुक्तिसंग्राम, कालखंड (1942 - 1945)" | ||
| 250 | _a1 | ||
| 260 |
_bसिद्धार्थ प्रकाशन _c1986 |
||
| 300 | _a218 | ||
| 630 | _a" डॉ. बाबासाहेब आंबेडकर यांचा दलित मुक्तिसंग्राम, कालखंड (1942 - 1945)" | ||
| 700 | _aमाने जी. बी. | ||
| 730 | _a" डॉ. बाबासाहेब आंबेडकर यांचा दलित मुक्तिसंग्राम, कालखंड (1942 - 1945)" | ||
| 942 | _cBOOK | ||
| 999 |
_c93875 _d93875 |
||